000 00287nam a22001337a 4500
008 170623b xxu||||| |||| 00| 0 eng d
020 _a071902478
041 _aeng
080 _a32
100 _a21
101 _aSHP
245 _aBRITISH POLITICS TODAY
_cJONES.B
942 _2udc
_cBK
999 _c18908
_d18908